Previsão do tempo /

Bibliographic Details
Main Author: Valle, Marcos, 1943-
Format: CD Audio
Language:Portuguese
Language Notes:Sung in Portuguese.
Published: Seattle, Wash. : Light in the Attic Records, [2012]
Subjects:

MARC

Tag First Indicator Second Indicator Subfields
LEADER 00000cjm a2200000Ia 4500
001 in00003594513
005 20170928135248.0
007 sd fsngnnmmneu
008 121107s2012 wauppnn n por d
024 7 |a 00826853009324  |2 gtin-14 
024 1 |a 826853009324 
028 0 2 |a LITA 093  |b Light in the Attic Records 
035 |a (OCoLC)ocn817609297 
040 |a BTCTA  |b eng  |c BTCTA  |d KCK  |d OCLCF  |d TEF  |d OCLCO  |d UtOrBLW 
043 |a s-bl--- 
049 |a TXAM 
050 4 |a M1690.18.V35  |b P74 2012 
082 0 4 |a 782.4216/30981  |2 23 
090 |a M1690.18.V25  |b P74 2012 
100 1 |a Valle, Marcos,  |d 1943-  |0 http://id.loc.gov/authorities/names/n85014445 
245 1 0 |a Previsão do tempo /  |c Marcos Valle. 
264 1 |a Seattle, Wash. :  |b Light in the Attic Records,  |c [2012] 
264 4 |c ©2012 
300 |a 1 sound disc :  |b digital ;  |c 4 3/4 in. 
336 |a performed music  |b prm  |2 rdacontent 
337 |a audio  |b s  |2 rdamedia 
338 |a audio disc  |b sd  |2 rdacarrier 
500 |a Compact disc. 
546 |a Sung in Portuguese. 
511 0 |a Performed by Marcos Valle. 
500 |a Originally released in 1973. 
518 |a Recorded at Odeon Studios, Rio de Janeiro, 1973. 
505 0 |a Flamengo até morrer (3:28) -- Nem paleto, nem gravata (3:00) -- Tira a mão (2:48) -- Mentira (3:40) -- Previsão do tempo (3:39) -- Mais do que valsa (2:50) -- Os ossos do barão (2:20) -- Não tem nada não (3:14) -- Samba fatal (3:07) -- Tiu-ba-la-quieba (3:24) -- De repente, moça flor (3:06). 
500 |a Sound recording. 
650 0 |a Popular music  |z Brazil  |y 1971-1980.  |0 http://id.loc.gov/authorities/subjects/sh2010107568 
650 0 |a Bossa nova (Music)  |0 http://id.loc.gov/authorities/subjects/sh92006456 
650 7 |a Bossa nova (Music)  |2 fast  |0 (OCoLC)fst00836799 
650 7 |a Popular music.  |2 fast  |0 (OCoLC)fst01071422 
651 7 |a Brazil.  |2 fast  |0 (OCoLC)fst01206830 
648 7 |a 1971 - 1980  |2 fast 
948 |a cataloged  |b h  |c 2015/10/23  |d c  |e ceaton  |f 10:44:50 am 
994 |a C0  |b TXA 
999 f f |s df14c439-c82d-3503-804b-9cca14fe57a4  |i f300c493-2b26-3c4f-8261-6890039e5513  |t 0 
952 f f |p ric  |a Texas A&M University  |b Rellis Campus  |c Joint Library Facility  |d Remote Storage  |t 0  |e M1690.18.V25 P74 2012  |h Library of Congress classification  |i audio -- audio disc  |m A14843203440 
998 f f |a M1690.18.V25 P74 2012  |t 0  |l Remote Storage